01359nam a2200361Ia 4500001001200000003000800012006001900020007001500039008004100054010001700095020001500112020001800127020002600145040002100171035002100192050002600213082001600239100001900255245014900274250001200423260004200435300001100477500002000488533015200508650005600660650005100716655002900767700002000796700002100816710001700837856012600854999001700980ebr10696065CaPaEBRm u cr cn|||||||||080717s2008 enk s 001 0 eng d z 2008431099 z1904380433 z9781904380436 z9781906534707 (ebook) aCaPaEBRcCaPaEBR a(OCoLC)84701021414aHV9960.G7bG53 2008eb04a364.9412221 aGibson, Bryan.14aThe criminal justice systemh[electronic resource] :ban introduction /cBryan Gibson and Paul Cavadino ; with the assistance of David Faulkner. a3rd ed. aHampshire :bWaterside Press,cc2008. a239 p. aIncludes index. aElectronic reproduction.bPalo Alto, Calif. :cebrary,d2013.nAvailable via World Wide Web.nAccess may be limited to ebrary affiliated libraries. 0aCriminal justice, Administration ofzGreat Britain. 0aSentences (Criminal procedure)zGreat Britain. 7aElectronic books.2local1 aCavadino, Paul.1 aFaulkner, David.2 aebrary, Inc.40uhttp://site.ebrary.com/lib/rucke/Doc?id=10696065zAn electronic book accessible through the World Wide Web; click to view c23394d23394